[Event "Pardubice Czech op-C 29th"]
[Site "Pardubice"]
[Date "2018.07.28"]
[Round "9"]
[White "Bruell, Elias"]
[Black "Yazlovetskiy, Denis"]
[Result "0-1"]
[WhiteElo "1823"]
[BlackElo "1927"]
[PlyCount "72"]
[EventDate "2018.07.21"]
[EventType "swiss"]
[EventRounds "9"]
[EventCountry "CZE"]
[SourceTitle "CBM 186 Extra"]
[Source "ChessBase"]
[SourceDate "2018.08.24"]
[SourceVersion "1"]
[SourceVersionDate "2018.08.24"]
[SourceQuality "1"]

1. e4 c5 2. Nf3 e6 3. d4 cxd4 4. Nxd4 a6 5. Bd3 Qc7 6. 0-0 Nf6 7. c4 Be7 8. Nc3 0-0 9. Be3 d6 10. Rc1 b6 11. f4 Re8 12. g4 Bb7 13. g5 Nfd7 14. b4 Nc6 15. a3 Nxd4 16. Bxd4 e5 17. Nd5 Bxd5 18. cxd5 Qd8 19. Be3 exf4 20. g6 hxg6 21. Bxf4 Bg5 22. Bxd6 Bxc1 23. Qxc1 Ne5 24. Bxe5 Rxe5 25. Qf4 f6 26. Bc4 b5 27. Bb3 Qd6 28. Kh1 Rc8 29. Rc1 Rxc1+ 30. Qxc1 Rxe4 31. Qc6 Qxc6 32. dxc6+ Kf8 33. Kg2 Ke7 34. Kf3 Re5 35. Bc2 Kd6 36. Be4 f5 0-1

[Event "Pardubice Czech op-C 29th"]
[Site "Pardubice"]
[Date "2018.07.26"]
[Round "7"]
[White "Tserendorj, Batsaikhan"]
[Black "Yazlovetskiy, Denis"]
[Result "1/2-1/2"]
[WhiteElo "2015"]
[BlackElo "1927"]
[PlyCount "126"]
[EventDate "2018.07.21"]
[EventType "swiss"]
[EventRounds "9"]
[EventCountry "CZE"]
[SourceTitle "CBM 186 Extra"]
[Source "ChessBase"]
[SourceDate "2018.08.24"]
[SourceVersion "1"]
[SourceVersionDate "2018.08.24"]
[SourceQuality "1"]

1. d4 d6 2. Nf3 Bg4 3. e4 Nf6 4. Bd3 e6 5. Nbd2 Be7 6. Nf1 Bh5 7. Ng3 Bg6 8. 0-0 d5 9. e5 Nfd7 10. c4 dxc4 11. Bxc4 0-0 12. Qe2 Nb6 13. Bb3 Nc6 14. Rd1 Nb4 15. a3 N4d5 16. Bd2 c6 17. Rac1 Rc8 18. Ne4 Qc7 19. Bg5 Rcd8 20. Bc2 h6 21. Bxe7 Qxe7 22. Ng3 Nf4 23. Qd2 Bxc2 24. Qxc2 Ng6 25. Qe4 Rd5 26. Nf1 Rc8 27. Ne3 Rdd8 28. g3 c5 29. d5 exd5 30. Nxd5 Nxd5 31. Rxd5 Rxd5 32. Qxd5 b6 33. Rd1 Re8 34. Re1 Rd8 35. Qe4 Qe6 36. Kg2 Rd5 37. Re2 b5 38. h4 a6 39. Kh2 Ne7 40. Ne1 Qf5 41. Qe3 Nc6 42. f4 Nd4 43. Rg2 Qb1 44. Nf3 Nf5 45. Qf2 Qc1 46. Qc2 Qxc2 47. Rxc2 Rd3 48. Ne1 Rxg3 49. Rxc5 Rg4 50. Ng2 Nxh4 51. Nxh4 Rxh4+ 52. Kg3 Rh1 53. Kg2 Rb1 54. f5 Rxb2+ 55. Kf3 Rb1 56. Rc8+ Kh7 57. Rc7 Re1 58. Re7 a5 59. Kf2 Re4 60. Kf3 Re1 61. Kf2 Re4 62. Kf3 Re1 63. Kf2 Re4 1/2-1/2